|
|
|
|
| LEADER |
01057nam a2200253 a 4500 |
| 001 |
364430 |
| 008 |
090909s1976 enkak b 000 0 eng d |
| 010 |
|
|
|a 77367828
|
| 020 |
|
|
|a 0717507602 :
|c £1.50
|
| 040 |
|
|
|a DLC
|c DLC
|d DLC
|
| 082 |
0 |
0 |
|a 374/.012
|2 18
|
| 100 |
1 |
|
|a Burke, Richard C.,
|d 1932-
|
| 245 |
1 |
4 |
|a The use of radio in adult literacy education /
|c [by] Richard C. Burke.
|
| 260 |
|
|
|a Amersham :
|b Hulton [for] the International Institute for Adult Literacy Methods,
|c 1976.
|
| 300 |
|
|
|a 116 p. :
|b ill., forms ;
|c 23 cm.
|
| 490 |
0 |
|
|a Literacy in development
|
| 504 |
|
|
|a Bibliography: p. 111-116.
|
| 541 |
1 |
|
|e 00000981
|
| 650 |
|
0 |
|a Radio in adult education.
|
| 650 |
|
0 |
|a Reading (Adult education)
|
| 710 |
2 |
|
|a International Institute for Adult Literacy Methods
|
| 852 |
4 |
|
|a Ayesha Abed Library
|j General Shelf.
|
| 999 |
|
|
|c 4005
|d 4005
|
| 952 |
|
|
|0 0
|1 0
|2 ddc
|4 0
|6 374_012000000000000_BUR_1976
|7 0
|8 NFIC
|9 3693
|a BRACUL
|b BRACUL
|c GEN
|d 2009-10-01
|g 0.00
|l 0
|o 374.012 BUR
|p 3010000981
|r 2009-10-01
|t 1
|w 2009-10-01
|y BK
|x No price found in the accession register.
|